MST3K Follow That Line: The Painted Hills Quiz Stats

 Plays Quiz not verified by Sporcle

Support Sporcle.
Go Orange.
Score 0/20 Timer 06:00
0 Plays Today
% Correct
He's neutered.
93.2%
Well, I can do impressions.
86.8%
It has his stench.
85.9%
No, drachmas.
85%
Can you hear me? Can you feel me near you?
84.1%
Because I tried to kill you.
82.7%
Now she's gonna have to be saved by a Saint Bernard.
81.8%
Nice heft, this hide should bring in 10 bucks in town.
80.9%
You must have done something wrong.
76.4%
Remember last week when he was alive? Well, that didn't last.
76.4%
% Correct
In an interest-bearing CD.
74.5%
Arf-keeba!
73.6%
Here's the Sex Pistols.
72.3%
Just hit him with a class ring!
69.1%
It's like Batman in reverse.
69.1%
So did I.
69.1%
I'm a heretic.
63.2%
And I helped.
61.8%
That's where Jonathan's butt used to be.
58.2%
I think Barbasol had an industrial spill.
47.7%

You're not logged in!

Compare scores with friends on all Sporcle quizzes.
OR
Log In

From the Vault

'H' TV Character Match

by metashades

Some characters have a really easy time remembering their lines.
Remove Ads.
Support Sporcle.
Get the best of Sporcle when you Go Orange. This ad-free experience offers more features, more stats, and more fun while also helping to support Sporcle. Thank you for becoming a member.

Show Comments

Extras

Created Mar 3, 2016ReportNominate
Tags:Clickable Quiz, Follow, mst3k, Reply, riff

Top Quizzes Today


Score Distribution

Your Account Isn't Verified!

In order to create a playlist on Sporcle, you need to verify the email address you used during registration. Go to your Sporcle Settings to finish the process.

Report this User

Report this user for behavior that violates our Community Guidelines.

Details: